书目信息 |
| 题名: |
我的野蛮家长
|
|
| 作者: | 卞庆奎 主编 | |
| 分册: | ||
| 出版信息: | 北京 农村读物出版社 2000.05 |
|
| 页数: | 238页 | |
| 开本: | 21cm | |
| 丛书名: | ||
| 单 册: | ||
| 中图分类: | G78 | |
| 科图分类: | ||
| 主题词: | 中学生--zhong xue sheng--家庭教育 | |
| 电子资源: | ||
| ISBN: | 7-5048-4689-9 | |
| 000 | 00715nam0 2200217 450 | |
| 001 | 012007859367 | |
| 005 | 20070928102201.39 | |
| 010 | @a7-5048-4689-9@dCNY15.00 | |
| 100 | @a20070724d2000 km y0chiy0120 ea | |
| 101 | 0 | @achi |
| 102 | @aCN@b110000 | |
| 105 | @ay z 000yy | |
| 200 | 1 | @a我的野蛮家长@Awo de ye man jia zhang@f卞庆奎主编@Fbian qing kui zhu bian |
| 210 | @a北京@c农村读物出版社@d2000.05 | |
| 215 | @a238页@d21cm | |
| 330 | @a本书收录了中学生与家长之间发生的种种愉快或不愉快的故事,是中学生倾诉心声、家长了解孩子的一本不可多得的通俗读物。 | |
| 606 | 0 | @a中学生@Azhong xue sheng@x家庭教育 |
| 690 | @aG78@v4 | |
| 701 | 0 | @a卞庆奎@Abian qing kui@4主编 |
| 801 | 0 | @aCN@c20070928 |
| 905 | @dG78@eB798 | |
| 我的野蛮家长/卞庆奎主编.-北京:农村读物出版社,2000.05 |
| 238页;21cm |
| ISBN 7-5048-4689-9:CNY15.00 |
| 本书收录了中学生与家长之间发生的种种愉快或不愉快的故事,是中学生倾诉心声、家长了解孩子的一本不可多得的通俗读物。 |
| ● |
| 相关链接 |
|
|
|
正题名:我的野蛮家长
索取号:G78/B798
 
预约/预借
| 序号 | 登录号 | 条形码 | 馆藏地/架位号 | 状态 | 备注 |
| 1 | 246941 | 202469417 | 社科库409/409社科库 16排4列3层/ [索取号:G78/B798] | 在馆 |